书目信息 |
| 题名: |
尼采的人生哲学
|
|
| 作者: | 田丁 著 | |
| 分册: | ||
| 出版信息: | 北京 北京时代华文书局 2016.03 |
|
| 页数: | 274页 | |
| 开本: | 25cm | |
| 丛书名: | 中国艺术研究院学术文库 | |
| 单 册: | ||
| 中图分类: | B516.47 | |
| 科图分类: | ||
| 主题词: | 人生哲学--ren sheng zhe xue--德国--近代 | |
| 电子资源: | ||
| ISBN: | 978-7-5699-0737-7 | |
| 000 | 01010nam 2200277 450 | |
| 001 | CAL 005838246 | |
| 005 | 20170615153531.36 | |
| 010 | @a978-7-5699-0737-7@b@dCNY55.00 | |
| 100 | @a20160322d2016 em y0chiy50 ea | |
| 101 | 0 | @achi |
| 102 | @aCN@b110000 | |
| 105 | @ay z 000yy | |
| 106 | @ar | |
| 200 | 1 | @a尼采的人生哲学@Ani cai de ren sheng zhe xue@f田丁著@g |
| 210 | @a北京@c北京时代华文书局@d2016.03 | |
| 215 | @a274页@c@d25cm | |
| 225 | 2 | @a中国艺术研究院学术文库@Azhong guo yi shu yan jiu yuan xue shu wen ku |
| 330 | @a本书认为孤奋人生、学海求真、挑战神权、悲剧哲学、生命壮歌、男女之间、友谊之道、人间万象、世态镜花、走出误区、卷末琐记等几部分内容。 | |
| 410 | 0 | @12001 @a中国艺术研究院学术文库 |
| 600 | 1 | @a尼采@Ani cai@g(Nietzsche, Friedrich Wilhelm),@f1844-1900@x人生哲学 |
| 606 | 0 | @a人生哲学@Aren sheng zhe xue@y德国@z近代 |
| 690 | @aB516.47@v5 | |
| 701 | 0 | @a田丁@Atian ding@4著 |
| 801 | 0 | @aCN@bZHONGJIAO@c20170609@g |
| 905 | @aBZT@dB516.47@e13 | |
| 906 | @dCNY55.00@n3@r1 | |
| 尼采的人生哲学/田丁著.-北京:北京时代华文书局,2016.03 |
| 274页;25cm.-(中国艺术研究院学术文库) |
| ISBN 978-7-5699-0737-7:CNY55.00 |
| 本书认为孤奋人生、学海求真、挑战神权、悲剧哲学、生命壮歌、男女之间、友谊之道、人间万象、世态镜花、走出误区、卷末琐记等几部分内容。 |
| ● |
| 相关链接 |
|
|
|
正题名:尼采的人生哲学
索取号:B516.47/13
 
预约/预借
| 序号 | 登录号 | 条形码 | 馆藏地/架位号 | 状态 | 备注 |
| 1 | 831698 | 2000831698 | 第二书库/ [索取号:B516.47/13] | 在馆 | |
| 2 | 831699 | 2000831699 | 第二书库/ [索取号:B516.47/13] | 在馆 | |
| 3 | 831700 | 2000831700 | 第二书库/ [索取号:B516.47/13] | 在馆 |